01818nam a2200397 a 450000100060000000300080000600500170001400600190003100700150005000800410006502400160010603500230012203500240014503500250016903500210019404000260021505000220024108000070026308200120027010000270028224502070030926000930051630000110060950000930062052001730071353301640088665000690105065000760111965000300119565000310122565500270125670000390128371000190132285600620134199900170140344568FlNmELB20241216231627.0m o d | cr cn|||||||||201201r2012 cu |||||s|||||||||||spa d8 z71208075410 a(MiAaPQ)EBC3202436 a(Au-PeEL)EBL3202436 a(CaPaEBR)ebr10609412 a(OCoLC)929378883 aFlNmELBbspacFlNmELB 4aQA269bC9658 2012 a5104a5102221 aCuevas Díaz, Annely.10aAplicación de la técnica de componentes principales en el análisis del comportamiento mecánico dinámico funcional de las turbinas a vapor de 100MWh[recurso electronico]cAnnely Cuevas Díaz. aLa Habana :bInstituto Superior Politécnico José Antonio Echeverría. CUJAE,c2012. a103 p. aTesis (maestría) - Instituto Superior Politécnico José Antonio Echeverría CUJAE. aMuestra la aplicación de la técnica de componentes principales en el análisis del comportamiento mecánico dinámico funcional de las turbinas a vapor de 100MW. aRecurso electrónico. Santa Fe, Arg.: e-libro, 2015. Disponible vía World Wide Web. El acceso puede estar limitado para las bibliotecas afiliadas a e-libro. 4aMathematics.xprobability and statistics.xstochastic processes. 4aMatemática.xProbabilidad y estadísticas.xProcesos estocásticos. 4aTechnology.xMensuration. 4aTecnología.xMedición. 4aLibros electrónicos.1 aTorre Silva, Francisco de la.4drt2 ae-libro, Corp.40uhttps://elibro.net/ereader/politecnicointernacional/86047 c44568d44568